Los volcanes de las Islas Canarias = (Record no. 27367)

MARC details
000 -LEADER
campo de control de longitud fija 00717nam a2200217 i 4500
001 - NÚMERO DE CONTROL
campo de control 27367
003 - IDENTIFICADOR DE NÚMERO DE CONTROL
campo de control ES-MaACL
005 - FECHA Y HORA DE LA ÚLTIMA TRANSACCIÓN
campo de control 20230906153614.0
007 - CAMPO FIJO DE DESCRIPCIÓN FÍSICA--INFORMACIÓN GENERAL
campo de control de longitud fija t|
008 - DATOS DE LONGITUD FIJA--INFORMACIÓN GENERAL
campo de control de longitud fija 030114s1978 sp ||||1| spa d
100 1# - ENTRADA PRINCIPAL--NOMBRE DE PERSONA
Nombre de persona Araña, Vicente.
9 (RLIN) 144580
245 14 - MENCIÓN DEL TÍTULO
Título Los volcanes de las Islas Canarias =
Resto del título Canarian volcanoes /
Mención de responsabilidad, etc. Vicente Araña, Juan C. Carracedo... ; [versión inglesa, Pauline Agnew].
246 3# - FORMA VARIANTE DEL TITULO
Título propio/Titulo breve Canarian volcanoes
260 ## - PUBLICACIÓN, DISTRIBUCIÓN, ETC.
Lugar de publicación, distribución, etc. Madrid :
Nombre del editor, distribuidor, etc. Rueda,
Fecha de publicación, distribución, etc. 1978.
300 ## - DESCRIPCIÓN FÍSICA
Extensión 151 p. :
Otras características físicas il. col. y n., mapas ;
Dimensiones 21 cm.
505 8# - NOTA DE CONTENIDO CON FORMATO
Nota de contenido con formato Contiene: 1. Tenerife
650 #4 - PUNTO DE ACCESO ADICIONAL DE MATERIA--TÉRMINO DE MATERIA
Término de materia o nombre geográfico como elemento de entrada Volcanes-
Subdivisión geográfica Canarias.
9 (RLIN) 164061
700 1# - ENTRADA AGREGADA--NOMBRE PERSONAL
Nombre de persona Carracedo, Juan C.
9 (RLIN) 35480
700 1# - ENTRADA AGREGADA--NOMBRE PERSONAL
Nombre de persona Agnew, Pauline.
9 (RLIN) 18565
852 ## - LOCALIZACIÓN
Ubicación ES-MaACL
Número de control de estantería A-9087
Holdings
Estatus retirado Estado de pérdida Estado de daño No para préstamo Biblioteca de origen Biblioteca actual Ubicación en estantería Fecha de adquisición Fuente de adquisición Total de préstamos Signatura topográfica completa Código de barras Visto por última vez Precio de reemplazo Tipo de ítem Koha
        Biblioteca del Ateneo de Madrid Biblioteca del Ateneo de Madrid Depósito 1 17/01/2008     A-9087 1028247 23/02/2023 23/02/2023 Libro impreso